[Event "Unna Open 2022"]
[Site "Unna"]
[Date "2022.12.29"]
[Round "5.2"]
[White "Tkachuk, Sergij"]
[Black "Tkachuk, Konstantyn"]
[Result "1-0"]
[WhiteElo "2206"]
[BlackElo "2202"]
[Annotator "Medger,Gernot"]
[PlyCount "45"]
[EventDate "2022.12.??"]
[EventType "tourn"]
[EventRounds "7"]
[EventCountry "GER"]

1. e4 c5 2. Nf3 d6 3. d4 cxd4 4. Nxd4 Nf6 5. Nc3 g6 6. Be3 Bg7 7. f3 O-O 8. Qd2
Nc6 9. Bc4 Bd7 10. O-O-O Rc8 11. Bb3 Ne5 12. h4 Nc4 13. Bxc4 Rxc4 14. h5 a6 15.
hxg6 hxg6 16. Nce2 b5 17. Bh6 Bh8 18. e5 dxe5 19. Bg5 Rc7 20. Rxh8+ Kxh8 21.
Bxf6+ exf6 22. Qh6+ Kg8 23. Rh1 1-0

[Event "Unna Open 2022"]
[Site "Unna"]
[Date "2022.12.29"]
[Round "5.3"]
[White "Hintze, Helge"]
[Black "Torres-Kuckel, Rafael"]
[Result "1-0"]
[WhiteElo "2242"]
[BlackElo "2120"]
[Annotator "Medger,Gernot"]
[PlyCount "113"]
[EventDate "2022.12.??"]
[EventType "tourn"]
[EventRounds "7"]
[EventCountry "GER"]

1. c4 e5 2. g3 Nc6 3. Bg2 g6 4. Nc3 Bg7 5. Rb1 a5 6. a3 f5 7. d3 Nf6 8. Nd5 d6
9. Nxf6+ Qxf6 10. e3 O-O 11. Ne2 Ne7 12. b4 axb4 13. axb4 Kh8 14. Qb3 c6 15. b5
Be6 16. bxc6 bxc6 17. Ba3 Rfd8 18. O-O d5 19. Bc5 Rd7 20. Qb4 h6 21. Rfc1 g5
22. Bxe7 Qxe7 23. Qb6 dxc4 24. Qxc6 Ra2 25. Nc3 Rd2 26. Rb8+ Kh7 27. Nd5 Qf7
28. dxc4 e4 29. Qa4 Bxd5 30. cxd5 Qxd5 31. Bf1 f4 32. Rb5 Qe6 33. Bg2 f3 34.
Bf1 g4 35. Bc4 Qd6 36. Rf1 h5 37. Bb3 Qg6 38. Bc2 Re7 39. Rb4 Kh6 40. Bxe4 Qd6
41. Rb7 Rc7 42. Rxc7 Qxc7 43. Qe8 Rd6 44. Qa4 Qe7 45. Bc2 Qc7 46. Qe4 Bh8 47.
Qf4+ Kg7 48. Qg5+ Kf8 49. Bb3 Qh7 50. Rc1 Bf6 51. Qf4 Ke7 52. Ba4 Qd3 53. Qb4
Be5 54. Qc5 Kf6 55. Bb5 Qd1+ 56. Rxd1 Rxd1+ 57. Bf1 1-0

[Event "Unna Open 2022"]
[Site "Unna"]
[Date "2022.12.29"]
[Round "5.4"]
[White "Schmücker, Marcus"]
[Black "Merz, Martin"]
[Result "1-0"]
[WhiteElo "2208"]
[BlackElo "1967"]
[Annotator "Medger,Gernot"]
[PlyCount "75"]
[EventDate "2022.12.??"]
[EventType "tourn"]
[EventRounds "7"]
[EventCountry "GER"]

1. d4 d5 2. Bf4 Nf6 3. e3 c6 4. c4 Qb6 5. Qb3 Bf5 6. Nc3 e6 7. c5 Qxb3 8. axb3
Nbd7 9. b4 Ne4 10. Nf3 g5 11. Nxg5 Nxg5 12. Bxg5 Bg7 13. f4 O-O 14. Kd2 f6 15.
Bh4 a6 16. Bd3 Bxd3 17. Kxd3 e5 18. g4 exf4 19. exf4 f5 20. g5 Rfe8 21. Rhe1
Nf8 22. Rxe8 Rxe8 23. Re1 Re6 24. Rxe6 Nxe6 25. Ne2 Kf7 26. Bf2 Kg6 27. h3 Bf8
28. Be3 Be7 29. Ng1 Bd8 30. Nf3 Bc7 31. Nh4+ Kh5 32. Nxf5 Nxf4+ 33. Bxf4 Bxf4
34. Nd6 Kxg5 35. Nxb7 Bc7 36. Ke3 Kh4 37. Kf3 Kxh3 38. Na5 1-0

[Event "Unna Open 2022"]
[Site "Unna"]
[Date "2022.12.29"]
[Round "5.5"]
[White "Wenning, Niels"]
[Black "Junk, Phillip"]
[Result "1/2-1/2"]
[WhiteElo "1922"]
[BlackElo "2055"]
[Annotator "Medger,Gernot"]
[PlyCount "103"]
[EventDate "2022.12.??"]
[EventType "tourn"]
[EventRounds "7"]
[EventCountry "GER"]

1. e4 e5 2. Nf3 Nf6 3. d4 Nxe4 4. Bd3 d5 5. Nxe5 Nf6 6. O-O Be7 7. Bg5 Nbd7 8.
Re1 O-O 9. Nd2 Nxe5 10. Rxe5 Be6 11. Nf3 Bd6 12. Re1 Bg4 13. c3 c6 14. a4 Bc7
15. Bh4 Qd6 16. Bg3 Qd7 17. Bxc7 Qxc7 18. Bc2 Rfe8 19. Qd3 Bxf3 20. Qxf3 a5 21.
Re2 Rxe2 22. Qxe2 Re8 23. Qd2 Qe7 24. Kf1 Qd6 25. g3 Qe6 26. Kg2 Qe2 27. Rd1
Ng4 28. Bd3 Ne3+ 29. Qxe3 Rxe3 30. Bxe2 Rxe2 31. Rb1 g6 32. b4 axb4 33. Rxb4
Re7 34. a5 Kf8 35. Ra4 Ke8 36. a6 bxa6 37. Rxa6 Rc7 38. Kf3 Kd7 39. Ke3 Rb7 40.
Ra2 Kd6 41. Kd3 h5 42. h4 f6 43. f3 Rb1 44. Rg2 Rh1 45. Ke3 Ke6 46. Kf4 Rc1 47.
Re2+ Kd6 48. Re3 Rh1 49. Re8 Rc1 50. Re3 Rh1 51. Re8 Rc1 52. Re3 1/2-1/2

[Event "Unna Open 2022"]
[Site "Unna"]
[Date "2022.12.29"]
[Round "5.6"]
[White "Höllmann, Ludger"]
[Black "Raabe, Stefan"]
[Result "1-0"]
[WhiteElo "2039"]
[BlackElo "1931"]
[Annotator "Medger,Gernot"]
[PlyCount "59"]
[EventDate "2022.12.??"]
[EventType "tourn"]
[EventRounds "7"]
[EventCountry "GER"]

1. d4 e6 2. Nf3 d5 3. g3 c5 4. Bg2 Nc6 5. O-O Nf6 6. c4 dxc4 7. Ne5 Nxe5 8.
dxe5 Qxd1 9. Rxd1 Nd7 10. Na3 Be7 11. Nxc4 Rb8 12. a4 O-O 13. Bf4 g5 14. Be3 h6
15. f4 f6 16. Nd6 Bxd6 17. Rxd6 gxf4 18. gxf4 fxe5 19. fxe5 Nxe5 20. Bxc5 b6
21. Bb4 a5 22. Bc3 Nc4 23. Rd4 Ne3 24. Bf3 Nf5 25. Rg4+ Kf7 26. e4 Nd6 27. Rg2
Ke8 28. Bh5+ Nf7 29. Be5 Rb7 30. Rc1 1-0

[Event "Unna Open 2022"]
[Site "Unna"]
[Date "2022.12.29"]
[Round "5.7"]
[White "Mann, Gergely"]
[Black "Gutte, Friedhelm"]
[Result "1-0"]
[WhiteElo "1978"]
[BlackElo "2036"]
[Annotator "Medger,Gernot"]
[PlyCount "33"]
[EventDate "2022.12.??"]
[EventType "tourn"]
[EventRounds "7"]
[EventCountry "GER"]

1. e4 c5 2. Nf3 d6 3. d4 cxd4 4. Nxd4 Nf6 5. Nc3 a6 6. Be3 e6 7. g4 Nfd7 8. Bg2
Qc7 9. Qe2 Be7 10. O-O-O O-O 11. f4 b5 12. e5 d5 13. Bxd5 exd5 14. Nxd5 Qd8 15.
Nf5 Re8 16. Nfxe7+ Rxe7 17. Nxe7+ 1-0

[Event "Unna Open 2022"]
[Site "Unna"]
[Date "2022.12.29"]
[Round "5.8"]
[White "Winkler, Yonathan"]
[Black "Pinno, Gregor"]
[Result "1-0"]
[WhiteElo "1994"]
[BlackElo "1911"]
[Annotator "Medger,Gernot"]
[PlyCount "89"]
[EventDate "2022.12.??"]
[EventType "tourn"]
[EventRounds "7"]
[EventCountry "GER"]

1. e4 c5 2. Nf3 Nc6 3. d4 cxd4 4. Nxd4 Nf6 5. Nc3 e5 6. Ndb5 d6 7. Bg5 a6 8.
Na3 b5 9. Nd5 Be7 10. Bxf6 Bxf6 11. c4 Qa5+ 12. Qd2 Qxd2+ 13. Kxd2 Bg5+ 14. Kc3
b4+ 15. Nxb4 Nxb4 16. Kxb4 O-O 17. Rd1 f5 18. Bd3 fxe4 19. Bxe4 Rb8+ 20. Kc3
Rxf2 21. Rhf1 Rxf1 22. Rxf1 Be6 23. Rd1 Be7 24. Nc2 g6 25. Ne3 Rf8 26. Bd5 Bxd5
27. Nxd5 Bd8 28. Nb4 a5 29. Nc6 Bc7 30. Ne7+ Kg7 31. c5 Rf7 32. cxd6 Bxd6 33.
Rxd6 Rxe7 34. Ra6 e4 35. Kd2 Re5 36. a4 Kf7 37. Rb6 Ke7 38. Ke3 Kd7 39. Rb7+
Kc6 40. Rxh7 Re8 41. Rh6 Kc5 42. Rxg6 Kb4 43. Rg4 Kxa4 44. Rxe4+ Rxe4+ 45. Kxe4
1-0

[Event "Unna Open 2022"]
[Site "Unna"]
[Date "2022.12.29"]
[Round "5.9"]
[White "Weber, Rolf"]
[Black "Tymura, Achim"]
[Result "1-0"]
[WhiteElo "1905"]
[BlackElo "1991"]
[Annotator "Medger,Gernot"]
[PlyCount "103"]
[EventDate "2022.12.??"]
[EventType "tourn"]
[EventRounds "7"]
[EventCountry "GER"]

1. e4 c5 2. c3 Nf6 3. e5 Nd5 4. d4 e6 5. Nf3 cxd4 6. cxd4 d6 7. Nc3 Nxc3 8.
bxc3 Qc7 9. Qb3 dxe5 10. Nxe5 Bd6 11. Nf3 O-O 12. Ba3 Nc6 13. Bxd6 Qxd6 14. Be2
e5 15. Rd1 exd4 16. cxd4 Qb4+ 17. Rd2 Qxb3 18. axb3 Nb4 19. O-O Be6 20. Ne5
Rac8 21. Bc4 Bxc4 22. Nxc4 Rfd8 23. g3 b5 24. Ne3 Rc3 25. d5 g6 26. Rb1 Rd3 27.
Rxd3 Nxd3 28. Kg2 Kf8 29. Kf3 f5 30. Rd1 Nc5 31. Kf4 Re8 32. d6 Kf7 33. Rd5
Ne6+ 34. Kf3 a6 35. Nc2 Ng5+ 36. Kg2 Ke6 37. Ne3 Rd8 38. g4 f4 39. Rxg5 fxe3
40. fxe3 Kxd6 41. h4 Re8 42. Kf3 Re5 43. Rxe5 Kxe5 44. b4 h6 45. e4 g5 46. hxg5
hxg5 47. Ke3 Kd6 48. Kd4 Ke6 49. e5 Kd7 50. Kd5 Ke7 51. e6 Ke8 52. Kd6 1-0

[Event "Unna Open 2022"]
[Site "Unna"]
[Date "2022.12.29"]
[Round "5.10"]
[White "Georg, Felix"]
[Black "Gehring, Sven"]
[Result "1-0"]
[WhiteElo "1986"]
[BlackElo "1843"]
[Annotator "Medger,Gernot"]
[PlyCount "37"]
[EventDate "2022.12.??"]
[EventType "tourn"]
[EventRounds "7"]
[EventCountry "GER"]

1. e4 c5 2. Nf3 d6 3. d4 cxd4 4. Nxd4 Nf6 5. Nc3 a6 6. Rg1 Nc6 7. g4 Bxg4 8.
Rxg4 Nxd4 9. Qxd4 Nxg4 10. Qa4+ b5 11. Nxb5 Qb6 12. Nxd6+ Kd8 13. Nxf7+ Kc7 14.
Bf4+ e5 15. O-O-O exf4 16. Qd7+ Kb8 17. Qe8+ Kc7 18. Rd7+ Kc6 19. Qe6+ 1-0

[Event "Unna Open 2022"]
[Site "Unna"]
[Date "2022.12.29"]
[Round "5.11"]
[White "Kampert, Andreas"]
[Black "Nechitaylo, Nikita"]
[Result "0-1"]
[WhiteElo "1830"]
[BlackElo "1985"]
[Annotator "Medger,Gernot"]
[PlyCount "76"]
[EventDate "2022.12.??"]
[EventType "tourn"]
[EventRounds "7"]
[EventCountry "GER"]

1. c4 c5 2. g3 Nc6 3. Bg2 g6 4. Nc3 Bg7 5. Nf3 d6 6. O-O e5 7. d3 Nge7 8. a3 a5
9. Nd2 Be6 10. Nb5 f5 11. Nb1 d5 12. N1c3 d4 13. Nd5 Rc8 14. Qb3 a4 15. Qa2 O-O
16. Bg5 h6 17. Nxe7+ Nxe7 18. Bd2 Nc6 19. b3 e4 20. bxa4 Ne5 21. Qc2 g5 22. Kh1
exd3 23. exd3 f4 24. Bxb7 f3 25. Bxc8 Qxc8 26. Rae1 Bh3 27. Rg1 Qf5 28. Bc1
Nxd3 29. Rd1 Bg2+ 30. Rxg2 Qh3 31. Rgg1 Ne5 32. g4 Nxg4 33. Rxg4 Be5 34. Rg3
Bxg3 35. fxg3 f2 36. Qg6+ Kh8 37. Qxh6+ Qxh6 38. Kg2 Qc6+ 0-1

[Event "Unna Open 2022"]
[Site "Unna"]
[Date "2022.12.29"]
[Round "5.12"]
[White "Neumann, Theodor"]
[Black "Meyer, Ulrich"]
[Result "1-0"]
[WhiteElo "1945"]
[BlackElo "1830"]
[Annotator "Medger,Gernot"]
[PlyCount "69"]
[EventDate "2022.12.??"]
[EventType "tourn"]
[EventRounds "7"]
[EventCountry "GER"]

1. e4 c5 2. Nc3 Nc6 3. f4 g6 4. Nf3 Bg7 5. Bb5 e6 6. e5 d5 7. exd6 Qxd6 8. Ne4
Qe7 9. Bxc6+ bxc6 10. Ne5 Nf6 11. Qf3 Nxe4 12. Qxe4 O-O 13. Nxc6 Qc7 14. Ne5
Bb7 15. Qe2 f6 16. Nf3 e5 17. fxe5 fxe5 18. O-O e4 19. Ng5 Bd4+ 20. Kh1 Bd5 21.
d3 Rxf1+ 22. Qxf1 Rf8 23. Qe1 Bf2 24. Qe2 exd3 25. cxd3 Qc6 26. Ne4 Bd4 27. Bh6
Rf5 28. Re1 Bxe4 29. dxe4 Rf2 30. Qc4+ Kh8 31. Qd5 Qe8 32. h3 Qg8 33. b4 Bc3
34. Qxc5 Rc2 35. Rf1 1-0

[Event "Unna Open 2022"]
[Site "Unna"]
[Date "2022.12.29"]
[Round "5.13"]
[White "Schirmbeck, Markus"]
[Black "Morawietz, Manuel"]
[Result "0-1"]
[WhiteElo "1781"]
[BlackElo "1903"]
[Annotator "Medger,Gernot"]
[PlyCount "48"]
[EventDate "2022.12.??"]
[EventType "tourn"]
[EventRounds "7"]
[EventCountry "GER"]

1. e4 e6 2. d4 d5 3. e5 c5 4. c3 Nc6 5. Be3 Nge7 6. Nf3 Nf5 7. Bd3 Nxe3 8. fxe3
h6 9. Nbd2 Be7 10. h4 Bd7 11. Qc2 c4 12. Be2 b5 13. a3 a5 14. g3 Qb6 15. O-O
O-O-O 16. b3 a4 17. bxc4 bxc4 18. Rfb1 Qa6 19. Qb2 Kc7 20. Ne1 Rb8 21. Qa2 Na5
22. Nc2 Nb3 23. Nxb3 axb3 24. Rxb3 cxb3 0-1

[Event "Unna Open 2022"]
[Site "Unna"]
[Date "2022.12.29"]
[Round "5.14"]
[White "Zuleger, Detlev"]
[Black "Stöckmann, Helmut"]
[Result "0-1"]
[WhiteElo "1705"]
[BlackElo "1886"]
[Annotator "Medger,Gernot"]
[PlyCount "105"]
[EventDate "2022.12.??"]
[EventType "tourn"]
[EventRounds "7"]
[EventCountry "GER"]

1. e4 c5 2. Nf3 e6 3. d4 cxd4 4. Nxd4 a6 5. Nb3 Nc6 6. Be2 Nf6 7. N1d2 Be7 8.
c3 d6 9. O-O O-O 10. Nc4 Nxe4 11. Be3 d5 12. Nb6 Rb8 13. a4 Nf6 14. a5 Qc7 15.
f4 Bd7 16. Nxd7 Qxd7 17. Nd4 Rbc8 18. Bd3 Nxd4 19. Bxd4 Bc5 20. Qf3 Qd6 21. Kh1
Bxd4 22. cxd4 Qb4 23. Rfd1 Rc7 24. Qe2 Rfc8 25. f5 exf5 26. Bxf5 Re8 27. Qf2
Rce7 28. Bd3 h6 29. h3 Ne4 30. Bxe4 Rxe4 31. Qd2 Qb5 32. Rf1 Re2 33. Qf4 Rf8
34. b4 Rb2 35. Rae1 Rxb4 36. Re7 Rb1 37. Rxb1 Qxb1+ 38. Kh2 Qb4 39. Qc7 Qxd4
40. Qxb7 Qf4+ 41. g3 Qf2+ 42. Kh1 Qxg3 43. Qxd5 Qxh3+ 44. Kg1 Qg3+ 45. Kf1 Qf4+
46. Ke2 Rc8 47. Kd3 Qf6 48. Rd7 Qc3+ 49. Ke2 Re8+ 50. Kf1 Qe1+ 51. Kg2 Re2+ 52.
Kf3 Rf2+ 53. Kg3 0-1

[Event "Unna Open 2022"]
[Site "Unna"]
[Date "2022.12.29"]
[Round "5.15"]
[White "Theile-Rasche, Ingo"]
[Black "Pickhard, Tobias"]
[Result "1-0"]
[WhiteElo "1871"]
[BlackElo "1673"]
[Annotator "Medger,Gernot"]
[PlyCount "65"]
[EventDate "2022.12.??"]
[EventType "tourn"]
[EventRounds "7"]
[EventCountry "GER"]

1. d4 e6 2. Bf4 c5 3. e3 Qb6 4. Nc3 Nf6 5. Nf3 cxd4 6. exd4 Qxb2 7. Nb5 Nd5 8.
Rb1 Bb4+ 9. Bd2 Bxd2+ 10. Nxd2 Qxa2 11. c4 Na6 12. Ra1 Qb2 13. cxd5 Nb4 14.
Nc7+ Kd8 15. Rc1 exd5 16. Be2 Rb8 17. O-O a6 18. Nb3 b6 19. Bh5 Rb7 20. Rb1 Qc3
21. Rc1 Qb2 22. Nxa6 Nxa6 23. Bxf7 Rc7 24. Rb1 Qc2 25. Qh5 Qc6 26. Rfe1 Qf6 27.
Bxd5 Rf8 28. Qxh7 Qxf2+ 29. Kh1 Qf6 30. Bf3 Bb7 31. Bxb7 Rxb7 32. Qe4 Rc7 33.
Qa8+ 1-0

[Event "Unna Open 2022"]
[Site "Unna"]
[Date "2022.12.29"]
[Round "5.17"]
[White "Sviridov, Vitaliy"]
[Black "Medger, Gernot"]
[Result "0-1"]
[WhiteElo "1462"]
[BlackElo "1822"]
[Annotator "Medger,Gernot"]
[PlyCount "120"]
[EventDate "2022.12.??"]
[EventType "tourn"]
[EventRounds "7"]
[EventCountry "GER"]

1. d4 d5 2. Bf4 Nf6 3. e3 c5 4. c3 Nc6 5. Nd2 Bf5 6. Ngf3 e6 7. Qb3 Qb6 8. Qxb6
axb6 9. Bc7 Nd7 10. Nh4 Bc2 11. Rc1 Bg6 12. Nxg6 hxg6 13. Ra1 Be7 14. Be2 O-O
15. O-O Rfc8 16. Bg3 c4 17. e4 f5 18. e5 b5 19. a3 Ra7 20. Bf4 g5 21. Bg3 f4
22. Bg4 Nf8 23. Bh5 g6 24. Bg4 Nd8 25. f3 fxg3 26. hxg3 Nf7 27. Kf2 Nh6 28. Bh3
Nf5 29. g4 Nh6 30. Rfc1 Rca8 31. Rab1 Nd7 32. Ke2 Nb6 33. Kd1 Na4 34. Kc2 Nxb2
35. Rxb2 Bxa3 36. Rxb5 Bxc1 37. Kxc1 Ra1+ 38. Nb1 R8a2 39. Rxb7 Rf2 40. Rb2
Rxb2 41. Kxb2 Ra5 42. g3 Ra7 43. Bf1 Rf7 44. Be2 Nxg4 45. fxg4 Rf2 46. Nd2 Rxe2
47. Kc1 Rg2 48. Nf3 Kf8 49. Nxg5 Ke7 50. Kd1 Rxg3 51. Kd2 Rxg4 52. Nf3 Rg2+ 53.
Kd1 Kf7 54. Ne1 Rf2 55. Nc2 Rf3 56. Kd2 Rd3+ 57. Ke2 Rxc3 58. Ne3 Rxe3+ 59.
Kxe3 g5 60. Kf3 Kg6 0-1

[Event "Unna Open 2022"]
[Site "Unna"]
[Date "2022.12.29"]
[Round "5.18"]
[White "Barskij, Aleksandr"]
[Black "Foltin, Alica"]
[Result "1-0"]
[WhiteElo "1866"]
[BlackElo "1587"]
[Annotator "Medger,Gernot"]
[PlyCount "57"]
[EventDate "2022.12.??"]
[EventType "tourn"]
[EventRounds "7"]
[EventCountry "GER"]

1. e4 d6 2. d4 Nf6 3. Nc3 Nbd7 4. g3 e5 5. Nf3 Be7 6. Bg2 c6 7. O-O Qc7 8. a4
Nf8 9. h3 Ng6 10. Re1 h5 11. Bg5 Nh7 12. Be3 Ngf8 13. Qd2 Rg8 14. dxe5 dxe5 15.
Ng5 f6 16. Nxh7 Nxh7 17. Qe2 g6 18. Qc4 Rh8 19. Rad1 Bd7 20. Nd5 Qc8 21. Nxe7
Kxe7 22. Bc5+ Ke8 23. Rd6 b6 24. Ba3 Qc7 25. Re6+ Kd8 26. Rd1 c5 27. Red6 Nf8
28. Qd5 Rb8 29. Qf7 1-0

[Event "Unna Open 2022"]
[Site "Unna"]
[Date "2022.12.29"]
[Round "5.20"]
[White "Willems, Marcus"]
[Black "Hart, Klaus"]
[Result "0-1"]
[WhiteElo "1788"]
[BlackElo "1583"]
[Annotator "Medger,Gernot"]
[PlyCount "82"]
[EventDate "2022.12.??"]
[EventType "tourn"]
[EventRounds "7"]
[EventCountry "GER"]

1. e4 e5 2. Nf3 Nf6 3. Nxe5 d6 4. Nf3 Nxe4 5. Nc3 Nxc3 6. dxc3 Be7 7. Be3 Nc6
8. Qd2 O-O 9. O-O-O Bf6 10. Bd3 Re8 11. h4 Bg4 12. Rdg1 Qd7 13. Ng5 g6 14. f3
Bf5 15. g4 Bxd3 16. cxd3 Ne5 17. Rg3 d5 18. h5 Re7 19. hxg6 fxg6 20. Rgh3 Bxg5
21. Bxg5 Rf7 22. Qd1 Raf8 23. Bh6 Re8 24. Be3 Qb5 25. Kc2 Qa4+ 26. Kb1 Qxd1+
27. Rxd1 Rxf3 28. Rxf3 Nxf3 29. Bh6 Re1 30. Kc1 Rxd1+ 31. Kxd1 Ne5 32. Bf4 Nxd3
33. Bxc7 Nf2+ 34. Ke2 Nxg4 35. Kd3 Kf7 36. Kd4 Ke6 37. c4 dxc4 38. Kxc4 h5 39.
Bb8 a6 40. Kc5 Ne5 41. Kd4 Nc6+ 0-1

[Event "Unna Open 2022"]
[Site "Unna"]
[Date "2022.12.29"]
[Round "5.22"]
[White "Schulte, Tobias"]
[Black "Muhr, Mattis"]
[Result "0-1"]
[WhiteElo "1751"]
[BlackElo "1551"]
[Annotator "Medger,Gernot"]
[PlyCount "68"]
[EventDate "2022.12.??"]
[EventType "tourn"]
[EventRounds "7"]
[EventCountry "GER"]

1. d4 Nf6 2. Bg5 g6 3. Bxf6 exf6 4. e3 Bg7 5. c4 d6 6. Nc3 O-O 7. g3 c5 8. Nge2
Bd7 9. Bg2 Bc6 10. Nd5 Na6 11. O-O Nc7 12. Nec3 Rb8 13. a4 f5 14. a5 Nxd5 15.
Nxd5 Bxd5 16. Bxd5 cxd4 17. exd4 Qf6 18. Re1 Qxd4 19. Qxd4 Bxd4 20. Rab1 b6 21.
axb6 Rxb6 22. Re7 Rb3 23. Rd7 Bc5 24. Re1 Rxb2 25. Ree7 Kg7 26. Bxf7 Rxf2 27.
Bd5+ Kh6 28. Kh1 Rb8 29. Rxh7+ Kg5 30. Rb7 Rxb7 31. Rxb7 a5 32. Bc6 Ra2 33. Rb8
Kg4 34. Rb1 Kh3 0-1

[Event "Unna Open 2022"]
[Site "Unna"]
[Date "2022.12.29"]
[Round "5.23"]
[White "Neumann, Helena"]
[Black "Eiden, Markus"]
[Result "1-0"]
[WhiteElo "1575"]
[BlackElo "1744"]
[Annotator "Medger,Gernot"]
[PlyCount "81"]
[EventDate "2022.12.??"]
[EventType "tourn"]
[EventRounds "7"]
[EventCountry "GER"]

1. e4 e5 2. Nf3 Nc6 3. Bc4 Bc5 4. c3 Nf6 5. d4 exd4 6. cxd4 Bb4+ 7. Bd2 Nxe4 8.
Bxb4 Nxb4 9. Qb3 Qe7 10. O-O d5 11. Bxd5 Nxd5 12. Qxd5 Nf6 13. Qb5+ c6 14. Qd3
O-O 15. Re1 Qd6 16. Nbd2 h6 17. Nc4 Qf4 18. Nfe5 Bf5 19. Qe3 Nd5 20. Qxf4 Nxf4
21. Nd6 Be6 22. Nxb7 Bd5 23. Na5 Rfc8 24. f3 Rab8 25. b3 Rb4 26. Nec4 Ne6 27.
Rad1 Rd8 28. a3 Rbb8 29. Ne5 Bxb3 30. Nxb3 Rxb3 31. Nxc6 Rd7 32. d5 Nf4 33. d6
Rb6 34. Re7 Rbb7 35. Rxd7 Rxd7 36. Ne5 Rd8 37. d7 Kf8 38. Nc6 Ne6 39. Nxd8 Nxd8
40. Re1 Ne6 41. Rxe6 1-0

[Event "Unna Open 2022"]
[Site "Unna"]
[Date "2022.12.29"]
[Round "5.24"]
[White "Bui, Hoan Tam"]
[Black "Naumann, Thomas"]
[Result "1-0"]
[WhiteElo "1675"]
[BlackElo "1520"]
[Annotator "Medger,Gernot"]
[PlyCount "59"]
[EventDate "2022.12.??"]
[EventType "tourn"]
[EventRounds "7"]
[EventCountry "GER"]

1. e4 c5 2. c3 g6 3. d4 b6 4. dxc5 bxc5 5. Qd5 Nc6 6. Qxc5 e6 7. Qc4 Nf6 8. Nf3
Bb7 9. Bg5 Be7 10. e5 Nd5 11. Bxe7 Ncxe7 12. Nbd2 Rc8 13. Qg4 Qb6 14. Rb1 Nxc3
15. bxc3 Qc7 16. c4 Bxf3 17. Nxf3 Qa5+ 18. Nd2 Qxe5+ 19. Be2 f5 20. Qg3 f4 21.
Qd3 Rc6 22. O-O Rd6 23. Qe4 Qf6 24. Rb8+ Kf7 25. Rxh8 Qxh8 26. Qxf4+ Nf5 27. g4
Rd4 28. Ne4 e5 29. Qf3 Qg7 30. Kh1 1-0

[Event "Unna Open 2022"]
[Site "Unna"]
[Date "2022.12.29"]
[Round "5.25"]
[White "Konrad, Alechander"]
[Black "Siebert, Michael"]
[Result "0-1"]
[WhiteElo "1658"]
[BlackElo "1435"]
[Annotator "Medger,Gernot"]
[PlyCount "98"]
[EventDate "2022.12.??"]
[EventType "tourn"]
[EventRounds "7"]
[EventCountry "GER"]

1. Nf3 Nf6 2. c4 e6 3. Nc3 Bb4 4. g3 c6 5. Bg2 O-O 6. O-O d5 7. cxd5 cxd5 8. d4
b6 9. Qb3 Nc6 10. a3 Be7 11. Bf4 Na5 12. Qa2 Ba6 13. Nd2 Nc6 14. Be3 Ng4 15. b4
Nxe3 16. fxe3 Bb7 17. Nf3 a5 18. b5 Na7 19. Qd2 Nc8 20. Ne5 Nd6 21. Rf4 Bg5 22.
Rff1 f6 23. h4 fxe5 24. Rxf8+ Kxf8 25. hxg5 Qxg5 26. dxe5 Nc4 27. Qd4 Qxe3+ 28.
Qxe3 Nxe3 29. Bh3 Ke7 30. Kf2 d4 31. Na4 Rf8+ 32. Kg1 Nc4 33. Rc1 Bd5 34. Bg2
Ne3 35. Bxd5 Nxd5 36. Rc6 Rf5 37. Nxb6 Nxb6 38. Rxb6 Rxe5 39. Kf2 Rc5 40. a4
Rc4 41. Rb7+ Kf6 42. b6 Rxa4 43. Rb8 Rb4 44. b7 Ke5 45. Kf3 a4 46. Kg4 d3+ 47.
Kf3 d2 48. Rd8 Rxb7 49. Rxd2 a3 0-1

[Event "Unna Open 2022"]
[Site "Unna"]
[Date "2022.12.29"]
[Round "5.27"]
[White "Pollerberg, Amelie"]
[Black "Bertschik, Jonas"]
[Result "1/2-1/2"]
[WhiteElo "1454"]
[BlackElo "1637"]
[Annotator "Medger,Gernot"]
[PlyCount "61"]
[EventDate "2022.12.??"]
[EventType "tourn"]
[EventRounds "7"]
[EventCountry "GER"]

1. c4 e5 2. Nc3 Nf6 3. g3 Nc6 4. Bg2 Bc5 5. d3 O-O 6. Nf3 d6 7. O-O Bg4 8. Bg5
h6 9. Bxf6 Qxf6 10. Nd5 Qd8 11. Rb1 a6 12. Qc2 Nd4 13. Nxd4 Bxd4 14. e3 Ba7 15.
Nc3 c6 16. h3 Bf5 17. b4 Qd7 18. Kh2 Rfc8 19. Rfd1 Rab8 20. a4 b5 21. axb5 cxb5
22. e4 Be6 23. Nd5 Bd4 24. Rdc1 f5 25. Qe2 Kh8 26. f4 fxe4 27. dxe4 g6 28. Rc2
Bxd5 29. exd5 Re8 30. Qd3 g5 31. fxe5 1/2-1/2

[Event "Unna Open 2022"]
[Site "Unna"]
[Date "2022.12.29"]
[Round "5.28"]
[White "Kamper, Marco"]
[Black "Weiner, Marc"]
[Result "1-0"]
[WhiteElo "1635"]
[BlackElo "1207"]
[Annotator "Medger,Gernot"]
[PlyCount "79"]
[EventDate "2022.12.??"]
[EventType "tourn"]
[EventRounds "7"]
[EventCountry "GER"]

1. f4 e5 2. e4 d6 3. Nf3 Nc6 4. Bb5 Bg4 5. O-O d5 6. exd5 Qxd5 7. Nc3 Qc5+ 8.
Kh1 O-O-O 9. Bxc6 Qxc6 10. Nxe5 Bxd1 11. Nxc6 bxc6 12. Rxd1 Bd6 13. g3 Nf6 14.
Kg2 Rhe8 15. Kf3 Re7 16. d3 Rde8 17. Bd2 Bb4 18. Re1 Bc5 19. Rxe7 Rxe7 20. Re1
Rd7 21. Ne4 Nxe4 22. Rxe4 Kd8 23. Rc4 Rd5 24. b4 Bb6 25. Rxc6 Kd7 26. Rc4 c5
27. b5 Kc7 28. g4 h6 29. Bc3 f6 30. Ke4 Kd6 31. Bb4 a6 32. a4 a5 33. Ba3 g6 34.
Kf3 f5 35. d4 fxg4+ 36. Kxg4 Rf5 37. dxc5+ Bxc5 38. Bxc5+ Rxc5 39. Rxc5 Kxc5
40. f5 1-0

[Event "Unna Open 2022"]
[Site "Unna"]
[Date "2022.12.29"]
[Round "5.29"]
[White "Xudagulyan, Xoren"]
[Black "Dziuk, Dariusz"]
[Result "1-0"]
[WhiteElo "1728"]
[BlackElo "1161"]
[Annotator "Medger,Gernot"]
[PlyCount "133"]
[EventDate "2022.12.??"]
[EventType "tourn"]
[EventRounds "7"]
[EventCountry "GER"]

1. d4 d5 2. c4 e6 3. Nc3 Nf6 4. cxd5 exd5 5. Bg5 Be7 6. Qc2 Nc6 7. e3 a6 8. a3
h6 9. Bh4 Be6 10. Bd3 Qd7 11. Nge2 g5 12. Bg3 Nh5 13. Rc1 f5 14. h4 Nxg3 15.
Nxg3 Rf8 16. hxg5 hxg5 17. Nce2 O-O-O 18. Bxa6 Nb8 19. Bb5 c6 20. f4 Rh8 21.
Kf2 Rh4 22. Rxh4 gxh4 23. Nf1 Rh8 24. Nh2 Qe8 25. Bd3 Qf7 26. Nf3 Rf8 27. a4
Qh5 28. a5 Bd7 29. a6 bxa6 30. Qa4 Rf6 31. Bxa6+ Kd8 32. Qa5+ Ke8 33. Qb6 Nxa6
34. Qxa6 Bd8 35. Ne5 c5 36. Qb7 Qh7 37. dxc5 h3 38. g3 h2 39. Qxd5 Rh6 40.
Qxd7+ Qxd7 41. Nxd7 h1=Q 42. Rxh1 Rxh1 43. Ne5 Ba5 44. Ng1 Rh2+ 45. Kf3 Rxb2
46. Nc4 Rb1 47. Nxa5 Rxg1 48. Nc4 Kd7 49. Ne5+ Kc7 50. Kf2 Rd1 51. c6 Rd2+ 52.
Kf3 Rd1 53. e4 fxe4+ 54. Kxe4 Rc1 55. Kf5 Kd6 56. g4 Ra1 57. g5 Ra8 58. g6 Rf8+
59. Nf7+ Ke7 60. Ke5 Rc8 61. Kd5 Kf6 62. Nd6 Rg8 63. f5 Ke7 64. c7 Kf6 65. c8=Q
Rxc8 66. Nxc8 Kxf5 67. g7 1-0